The adventures of Tintin : Tintin in America

Bibliographic Details
Corporate Author: Title
Other Authors: Lonsdale-Cooper, Leslie, Turner, Michael
Format: Book
Published: London : Egmont , 2002
Subjects:

MARC

LEADER 00000cam a2200000 7i4500
001 0000005370
005 20151222.0
008 070803
020 |a 1405206144 
090 0 0 |a JF   |b AD ENG (4799) 
245 1 4 |a The adventures of Tintin :   |b Tintin in America   |c Translated by Leslie Lonsdale-Cooper and Michael Turner 
260 |a London :   |b Egmont ,   |c 2002 
500 |a Children ages 7-9 years old (orange) 
650 0 |a Adventure 
650 0 |a Junior fiction   |x English   |x Languages 
700 1 |a Lonsdale-Cooper, Leslie 
700 1 |a Turner, Michael 
710 0 |a Title 
999 |a 0000948491   |b Book   |c Children Collection   |e Cawangan Pontian 
999 |a 0000974365   |b Book   |c Children Collection   |e Cawangan Segamat